Faculty of Law Library — Cairo University

Official Online Catalog

شرح قانون الاجراءات الجنائية. (Record no. 62478)

MARC details
000 -LEADER
fixed length control field 01625nam a22003497i 4500
003 - CONTROL NUMBER IDENTIFIER
control field EG-GICUC
005 - DATE AND TIME OF LATEST TRANSACTION
control field 20260210182528.0
008 - FIXED-LENGTH DATA ELEMENTS--GENERAL INFORMATION
fixed length control field 260210r19971996ua ||||fr|||| 00| 0 ara d
017 ## - COPYRIGHT OR LEGAL DEPOSIT NUMBER
Copyright or legal deposit number 96/13518
020 ## - INTERNATIONAL STANDARD BOOK NUMBER
International Standard Book Number 9771922173
040 ## - CATALOGING SOURCE
Original cataloging agency EG-GICUC
Language of cataloging ara
Transcribing agency EG-GICUC
Modifying agency EG-GICUC
Description conventions rda
041 0# - LANGUAGE CODE
Language code of text/sound track or separate title ara
082 04 - DEWEY DECIMAL CLASSIFICATION NUMBER
Classification number 343.3
Item number م ح . ش
Edition number 21
092 04 - LOCALLY ASSIGNED DEWEY CALL NUMBER (OCLC)
Edition number 21
099 ## - LOCAL FREE-TEXT CALL NUMBER (OCLC)
Classification number Law1 10 343.3 م ح . ش 2 ed - 1997 1005811
100 0# - MAIN ENTRY--PERSONAL NAME
Personal name محمد عيد الغريب
Relator term مؤلف.
245 10 - TITLE STATEMENT
Title شرح قانون الاجراءات الجنائية.
Number of part/section of a work الجزء الثاني،
Name of part/section of a work تنظيم القضاء الجنائي وإختصاصه، التحقيق النهائي، إشكالات التنفيذ، بطلان الاجراءات، طرق الطعن في الأحكام /
Statement of responsibility, etc. الدكتور محمد عيد الغريب.
250 ## - EDITION STATEMENT
Edition statement الطبعة الثانية،
Remainder of edition statement مزيدة ومنقحة طبقا لاخر التعديلات التشريعية والاحكام القضائية
264 #1 - PRODUCTION, PUBLICATION, DISTRIBUTION, MANUFACTURE, AND COPYRIGHT NOTICE
Place of production, publication, distribution, manufacture القاهرة :
Name of producer, publisher, distributor, manufacturer {دون دار نشر}،
Date of production, publication, distribution, manufacture, or copyright notice 1997.
300 ## - PHYSICAL DESCRIPTION
Extent 2152 صفحة ؛
Dimensions 24 سم.
Other physical details إيضاحيات، صور، مثيليات ؛
336 ## - CONTENT TYPE
Source rda content
Content type term text
337 ## - MEDIA TYPE
Source rda media
Media type term Computer
338 ## - CARRIER TYPE
Source rda carrier
Carrier type term Online Resource
504 ## - BIBLIOGRAPHY, ETC. NOTE
Bibliography, etc. note يشتمل على ارجاعات ببليوجرافية.
546 ## - LANGUAGE NOTE
Language note النص باللغة العربية
650 14 - SUBJECT ADDED ENTRY--TOPICAL TERM
Topical term or geographic name entry element قانون الإجراءات الجنائية
Source of heading or term qrmak
650 14 - SUBJECT ADDED ENTRY--TOPICAL TERM
Topical term or geographic name entry element القانون الجنائي
Source of heading or term qrmak
651 1# - SUBJECT ADDED ENTRY--GEOGRAPHIC NAME
Source of heading or term qrmak
856 40 - ELECTRONIC LOCATION AND ACCESS
Uniform Resource Identifier <a href="https://fll.law.cu.edu.eg/fulltext/bks/B10-05811.pdf">https://fll.law.cu.edu.eg/fulltext/bks/B10-05811.pdf</a>
905 ## - Cataloger and Reviser Names
Cataloger Name: Ramy
942 ## - ADDED ENTRY ELEMENTS (KOHA)
Source of classification or shelving scheme Dewey Decimal Classification
Koha item type Books
Edition 21
Suppress in OPAC No
Holdings
Withdrawn status Lost status Source of classification or shelving scheme Damaged status Not for loan Collection Home library Current library Date acquired Total checkouts Full call number Barcode Date last seen Copy number Price effective from Koha item type
    Dewey Decimal Classification   Not for loan القانون الجنائي جــــامعة القــاهرة مكتبة كلية الحقوق - المبنى الرئيسي 10.02.2026   Law1 10 343.3 م ح . ش 2 ed - 1997 1005811 V2, C1 B10-05811 10.02.2026 1 10.02.2026 Books
    Dewey Decimal Classification     القانون الجنائي جــــامعة القــاهرة مكتبة كلية الحقوق - المبنى الرئيسي 10.02.2026   Law1 10 343.3 م ح . ش 2 ed - 1997 1005783 V2, C2 B10-05783 10.02.2026 2 10.02.2026 Books

© All rights reserved — Faculty of Law, Cairo University